000 00247nam a22000977a 4500
999 _c16276
_d16276
003 OSt
008 200629b ||||| |||| 00| 0 eng d
100 _aDr. H. J. Shah And S. B. Junnarkar
_94665
245 _aMechanics of Structures Vol. I
942 _cBK